banner-ar

ENCYCLOPEDIA OF LIBRARY AND INFORMATION SCIENCE / (Record no. 25877)

MARC details
000 -الفاتح
حقل البيانات ثابتة الطول 00503nam a2200181Ia 4500
008 - عناصر البيانات ثابتة الطول - معلومات عامة
حقل البيانات ثابتة الطول 140319s9999 xx 000 0 eng d
040 ## - مصدر الفهرسة
وكالة الفهرسة الأصلية GCL /
وكالة النسخ GCL
082 04 - رقم تصنيف ديوى العشرى
رقم التصنيف REF
رقم المادة 020.3
-- K E
100 1# - المدخل الرئيسى - إسم شخصى
الإسم الشخصى KENT,ALLEN
245 10 - بيان العنوان
العنوان ENCYCLOPEDIA OF LIBRARY AND INFORMATION SCIENCE /
بيان المسئوليه,etc KENT,ALLEN
700 1# - المدخل الاضافى - اسم شخصى
الإسم الشخصى HALL,CAROLXN
260 ## - PUBLICATION, DISTRIBUTION, ETC. (IMPRINT)
تاريخ النشر أو التوزيع 1993
300 ## - الوصف المادى
التعداد 704 P
650 04 - المدخل الاضافى بالموضوع-مصطلح موضوعى
مصطلح موضوعي INFORMATION SCIENCE
650 04 - المدخل الاضافى بالموضوع-مصطلح موضوعى
مصطلح موضوعي ENCYCLOPEDIAS AND DICTIONARIES
942 ## - عناصر المدخل الإضافي( كوها)
مصدر التصنيف او مخطط الترفيف Dewey Decimal Classification
Koha [default] item type الدوريات
260 ## - PUBLICATION, DISTRIBUTION, ETC. (IMPRINT)
-- [S.N] :
-- MARCEL DEKKER, INC ،
Holdings
حالة التراجع حالة الفقد حالة تلف ليس للاعارة المكان المؤقت الموقع الحالى تاريخ الاكتساب اجمالي اﻻعارات رقم الطلب الباركود تاريخ اخر مشاهدة تاريخ تفعيل السعر نوع وعاء كوها
        مكتبة القاهرة الكبرى مكتبة القاهرة الكبرى 03/26/2014   REF\020.3\K E 45917 03/26/2014 03/26/2014 الدوريات

Powered By

EGPV